One Direction Albums - Statistics

General Stats
  • This quiz has been taken 224 times
  • The average score is 5 of 5
Answer Stats
Albums % Correct
FOUR
100%
Midnight Memories
98%
Made in the A.M.
96%
Take Me Home
95%
Up All Night
95%
No matching quizzes found
Score Distribution
Percent of People with Each Score
Percentile by Number Answered
Your Score History
You have not taken this quiz